Born in Barcelona - Statistics

General Stats
  • This quiz has been taken 47 times
    13 since last reset
  • The average score is 6 of 20
Answer Stats
Hint Answer % Correct
Goalkeeper who plays for Arsenal and the Spanish national team 1995 David Raya
73%
Former NBA player (Lakers, Grizzlies, Spurs) 1980 Pau Gasol
64%
President of FC Barcelona 1962 Joan Laporta
55%
Former NBA player (Grizzlies, Raptors, Lakers) 1985 Marc Gasol
55%
Former footballer who played for Barcelona and the Spanish national team 1987 Gerard Piqué
45%
Footballer who plays for Real Betis and the Spanish national team (former Arsenal and Barcelona player) 1995 Héctor Bellerin
45%
Opera singer and member of "The Three Tenors" 1946 José Carreras
36%
Spanish-German singer, "Sofia" "El mismo sol" "La Cintura" 1991 Álvaro Soler
27%
Footballer who plays for Girona (on loan from Barcelona) and the Spanish national team 2001 Eric Garcia
27%
President of the International Olympic Committee from 1980 to 2001 1920 Juan Antonio Samaranch
27%
Author, "The Shadow of the Wind" 1964 Carlos Ruiz Zafón
18%
Founder of the Chupa Chups lollipop company 1923 Enric Bernat
18%
Painter and sculptor, "Harlequin's Carnival" "Dona i Ocell" 1893 Joan Miró
18%
Cyclist who won the young rider classification of the Vuelta and winner of the Tour of the Basque Country 2024 2002 Juan Ayuso
18%
French-Spanish politician and Prime Minister of France from 2014 to 2016 1962 Manuel Valls
18%
Agent for the Soviet Union and murder of Leon Trotsky 1913 Ramón Mercader
18%
German-Spanish actor, "Inglourious Basterds" "Rush" "Captain America: Civil War" 1978 Daniel Brühl
9%
Actress, known for her role as Ophelia in "Pan's Labyrinth" 1994 Ivana Baquero
9%
Actress, "Victoria" "Life Itself" 1985 Laia Costa
9%
Actress, known as Tokyo from "Money Heist" 1989 Úrsula Corberó
9%
No matching quizzes found
Score Distribution
Percent of People with Each Score
Percentile by Number Answered
Your Score History
You have not taken this quiz since the last reset